| 000 | 00568nam a2200193 a 4500 | ||
|---|---|---|---|
| 005 | 20210219151518.0 | ||
| 008 | 991125s1977 mx 000 0 spa u | ||
| 035 | _aUPN01000035671 | ||
| 049 | _aCG | ||
| 050 | 4 |
_aB1297 _bB54 |
|
| 100 | 1 | _aBlanco F., Francisco | |
| 245 | 1 | 0 |
_aLocke / _cFrancisco Blanco F. |
| 260 |
_aMéxico : _bEdicol, _c1977. |
||
| 300 | _a167 p. | ||
| 440 | 0 |
_aSociológica pensadores ; _v2 |
|
| 600 | 1 | 4 |
_aLOCKE, JOHN, _d1632-1704 - _xCRITICA E INTERPRETACION |
| 600 | 1 | 4 |
_aLOCKE, JOHN, _d1632-1704 - _xSELECCIONES, EXTRACTOS, ETC. |
| 905 | _aLibro | ||
| 999 |
_c35671 _d35671 |
||